LEADER 01306nam a2200313 a 4500 001 000000123098 003 CaOOAMICUS 005 20100927140505.0 008 100927t2009 uk dc u000 u eng r 020 $z9781841133270* 040 $aPUL$bita 082 04$a341 245 00$aLegal institutions and collective memories /$cedited by Susanne Karstedt. 260 $aOxford ; Portland, Or. :$bHart,$c©2009. 300 $axvii, 409 p. ;$c24 cm 490 1 $aOńati international series in law and society 500 $aInclude indici. 504 $aBibliografia in nota. 650 4$aGiustizia amministrativa.$0(OLS)http://pul/subject/23061 700 1 $aKarstedt, Susanne.$0(OLS)http://pul/name/77415 830 0$aOńati international series in law and society.$0(OLS)http://pul/title/119491 850 $aPUL 852 $aPUL$W1$xSL Diritto e Scienze Sociali 3$y79$m341. 7 KERSU 1$j141463$qDDC 21$B140498$CPULBib$Z2$F140498 $H113120 $82 941 1 $a9 996 $6020$z9781841133270*$9(OLS)http://pul/number/145450 996 $6082$a341$9(OLS)http://pul/classification/387 996 $6245$aLegal institutions and collective memories$9(OLS)http://pul/title/155145 996 $6260$aOxford ; Portland, Or. :$bHart$9(OLS)http://pul/publisher/78630 LEADER 01569nam a2200349 a 4500 001 000000143952 003 CaOOAMICUS 005 20150610093609.0 008 150610s2015 it u000 u ita r 020 $a978-88-343-2988-7 040 $aPUL$bita 245 02$aL'archivio del gruppo lombardo dell'Unione Cristiana Imprenditori Dirigenti (UCID) :$binventario (1945-1999) /$ca cura di Aldo Carera. 260 $aMilano :$bV&P,$c©2015. 300 $aXVII, 141 p. ;$c22 cm 490 1 $aStoria. Ricerche 490 1 $aVita e pensiero. Universitą 504 $aBibliografia in nota. 610 24$aUnione cristiana imprenditori dirigenti (UCID).$0(OLS)http://pul/subject/41844 700 1 $aCarera, Aldo,$d1949-$0(OLS)http://pul/name/34690 830 0$aUniversitą (Vita e Pensiero).$0(OLS)http://pul/title/154439 830 0$aRicerche (Vita e Pensiero).$pStoria.$0(OLS)http://pul/title/174438 850 $aPUL 852 $aPUL$W1$xDP1 Cons. Gen., Altre Classi 1$y22$m389 C 68$j166014$qStampati$B166451$CPULBib$Z2$F166451 $H126081 $82 941 1 $a8 983 0$aVita e pensiero.$pUniversitą. 983 0$aV & P. Universitą. 983 0$aStoria.$pRicerche (Vita e pensiero) 983 0$aV & P. Storia. Ricerche. 996 $6020$a978-88-343-2988-7$9(OLS)http://pul/number/157821 996 $6245$aL'archivio del gruppo lombardo dell'Unione Cristiana Imprenditori Dirigenti (UCID) :$binventario (1945-1999)$9(OLS)http://pul/title/182122 996 $6260$aMilano :$bV&P$9(OLS)http://pul/publisher/78336